[Event "Penang op-A 15th"]
[Site "Penang"]
[Date "2023.12.21"]
[Round "7"]
[White "Aryan, Mehta1"]
[Black "Mathan, Priyaen"]
[Result "1/2-1/2"]
[WhiteElo "1377"]
[BlackElo "1568"]
[PlyCount "79"]
[EventDate "2023.12.18"]
[EventType "swiss"]
[EventRounds "9"]
[EventCountry "MAS"]
[SourceTitle "CBM 217 Extra"]
[Source "ChessBase"]
[SourceDate "2024.01.31"]
[SourceVersion "1"]
[SourceVersionDate "2024.01.31"]
[SourceQuality "1"]

1. e4 e6 2. d4 d5 3. Nc3 Nf6 4. Bg5 Bb4 5. Nge2 dxe4 6. a3 Be7 7. Bxf6 gxf6 8. Nxe4 b6 9. Qd2 Bb7 10. N4c3 f5 11. Ng3 Bf6 12. 0-0-0 Nc6 13. d5 Ne7 14. Bc4 e5 15. Nh5 Ng6 16. Nxf6+ Qxf6 17. Nb5 0-0-0 18. Nxa7+ Kb8 19. Nb5 c6 20. Nc3 Nf4 21. d6 Nd5 22. Bxd5 Rxd6 23. Qe3 cxd5 24. Nb5 d4 25. Qb3 Rd5 26. Kb1 Qc6 27. a4 Rc8 28. Rd2 Rc5 29. f4 f6 30. Rf1 Ba6 31. fxe5 Bxb5 32. axb5 Rxb5 33. Qa3 Rxe5 34. Qd3 Qc5 35. Qxd4 Qxd4 36. Rxd4 Re2 37. c3 Rxg2 38. Rh4 Rd8 39. Rxf5 Rdd2 40. Rb4 1/2-1/2

[Event "Penang op-A 15th"]
[Site "Penang"]
[Date "2023.12.20"]
[Round "5"]
[White "Tee, Yi Siang Isaac Jens"]
[Black "Mathan, Priyaen"]
[Result "1-0"]
[WhiteElo "1328"]
[BlackElo "1568"]
[PlyCount "91"]
[EventDate "2023.12.18"]
[EventType "swiss"]
[EventRounds "9"]
[EventCountry "MAS"]
[SourceTitle "CBM 217 Extra"]
[Source "ChessBase"]
[SourceDate "2024.01.31"]
[SourceVersion "1"]
[SourceVersionDate "2024.01.31"]
[SourceQuality "1"]

1. c4 e5 2. g3 Nf6 3. Bg2 c6 4. d3 d5 5. cxd5 cxd5 6. Nf3 Nc6 7. 0-0 h6 8. a3 a5 9. Re1 Bd6 10. Nc3 d4 11. Nb5 0-0 12. Nxd6 Qxd6 13. Nd2 Be6 14. b3 Bd5 15. Nc4 Qc7 16. a4 Bxg2 17. Kxg2 Nd5 18. Ba3 f5 19. Bd6 Qd8 20. Bxf8 Qxf8 21. e3 e4 22. exd4 Qf6 23. dxe4 fxe4 24. Ne5 Nxe5 25. dxe5 Qxe5 26. Qe2 e3 27. fxe3 Rc8 28. Rac1 Rf8 29. e4 Nf6 30. b4 axb4 31. Qc4+ Kh7 32. Qxb4 Rf7 33. Rf1 Re7 34. Rc5 Qd6 35. e5 Rxe5 36. Qb1+ Kh8 37. Rxe5 Qxe5 38. Qxb7 Qd4 39. Qc8+ Kh7 40. Qf5+ Kh8 41. Qf4 Qd5+ 42. Qf3 Qd4 43. Qd1 Qe4+ 44. Rf3 Nd5 45. Qd3 Qxd3 46. Rxd3 1-0

[Event "Penang op-A 15th"]
[Site "Penang"]
[Date "2023.12.18"]
[Round "1"]
[White "Burman, Ray Pritish"]
[Black "Mathan, Priyaen"]
[Result "1-0"]
[WhiteElo "1705"]
[BlackElo "1568"]
[PlyCount "106"]
[EventDate "2023.12.18"]
[EventType "swiss"]
[EventRounds "9"]
[EventCountry "MAS"]
[SourceTitle "CBM 217 Extra"]
[Source "ChessBase"]
[SourceDate "2024.01.31"]
[SourceVersion "1"]
[SourceVersionDate "2024.01.31"]
[SourceQuality "1"]

1. d4 Nf6 2. c4 g6 3. g3 c6 4. Bg2 d5 5. cxd5 cxd5 6. Nf3 Nc6 7. Nc3 Bg7 8. 0-0 0-0 9. Ne5 e6 10. Nxc6 bxc6 11. Bg5 h6 12. Bf4 Ne8 13. Na4 g5 14. Bd2 Nd6 15. Bb4 Re8 16. Rc1 Nb5 17. e3 Bd7 18. Nc5 a5 19. Bd2 Qc7 20. Qa4 Rec8 21. Rc2 Be8 22. Rfc1 Qb6 23. Nb3 Nd6 24. Bxa5 Nc4 25. Rxc4 dxc4 26. Rxc4 Qb5 27. Qb4 Qxb4 28. Rxb4 Rcb8 29. Rxb8 Rxb8 30. Bc3 Bf8 31. Nc5 Bd6 32. a4 Ra8 33. a5 Bxc5 34. dxc5 Bd7 35. b4 Rc8 36. a6 Rc7 37. b5 cxb5 38. Bb4 Bc6 39. Ba5 Rc8 40. Bxc6 Rxc6 41. a7 Rc8 42. Bc7 Ra8 43. Bb8 Kf8 44. c6 Ke7 45. c7 Kd7 46. Kf1 Rxa7 47. Bxa7 Kxc7 48. Ke2 Kc6 49. e4 f5 50. exf5 exf5 51. Kd3 Kd5 52. Bd4 g4 53. Ke3 b4 1-0

[Event "Eastern Asia-ch U20"]
[Site "Kota Kinabalu"]
[Date "2023.12.07"]
[Round "7"]
[White "Arca, Christian Gian Karl"]
[Black "Mathan, Priyaen"]
[Result "1-0"]
[WhiteElo "2317"]
[BlackElo "1568"]
[PlyCount "83"]
[EventDate "2023.12.02"]
[EventType "swiss"]
[EventRounds "9"]
[EventCountry "MAS"]
[SourceTitle "CBM 217 Extra"]
[Source "ChessBase"]
[SourceDate "2024.01.31"]
[SourceVersion "1"]
[SourceVersionDate "2024.01.31"]
[SourceQuality "1"]

1. d4 Nf6 2. Bf4 c5 3. d5 d6 4. Nc3 e5 5. Bg5 h6 6. Bxf6 Qxf6 7. e4 a6 8. a4 Be7 9. g3 h5 10. h4 Qg6 11. Bh3 0-0 12. Bxc8 Rxc8 13. Nf3 Nd7 14. Ng5 b5 15. Qe2 c4 16. axb5 axb5 17. 0-0 Bxg5 18. hxg5 Rab8 19. Qe3 Nc5 20. Rfe1 Rb7 21. Ra5 Rcb8 22. Kh2 f6 23. gxf6 Qxf6 24. Rea1 Qg6 25. f3 Qf6 26. Ra7 b4 27. Rxb7 Rxb7 28. Ra8+ Kh7 29. Na4 Nxa4 30. Rxa4 Qf8 31. Kg2 Qd8 32. Ra6 Qb8 33. Qg5 g6 34. Qf6 Rd7 35. Qe6 Qd8 36. Ra8 Qxa8 37. Qxd7+ Kh6 38. Qxd6 b3 39. cxb3 Qa5 40. Qxe5 Qd2+ 41. Kh3 Qf2 42. Qh8+ 1-0